Možnosti rozvoja príhraničnej a interregionálnej spolupráce v podunajskom priestore

Aktuálne problémy a možnosti interregionálnej spolupráce v priestore Bratislava - Viedeň - Gyor. Zhodnotenie hospodárskej štruktúry viedenského a bratislavského regiónu. Základné smery možnej spolupráce s využitím komparatívnych výhod jednotlivých regiónov. Alternatívy možných foriem spolupráce vie...

Descrizione completa

Salvato in:
Dettagli Bibliografici
Autore principale: Tvrdoň, Jozef
Natura: Capitolo di libro
Lingua:slovacco
Soggetti:
Tags: Aggiungi Tag
Nessun Tag, puoi essere il primo ad aggiungerne!!

MARC

LEADER 00000naa$a2200000$$$4500
001 0013824
005 20220628133840.2
041 0 |a slo 
044 |a SK 
245 1 0 |a Možnosti rozvoja príhraničnej a interregionálnej spolupráce v podunajskom priestore  |c Jozef Tvrdoň 
520 |a Aktuálne problémy a možnosti interregionálnej spolupráce v priestore Bratislava - Viedeň - Gyor. Zhodnotenie hospodárskej štruktúry viedenského a bratislavského regiónu. Základné smery možnej spolupráce s využitím komparatívnych výhod jednotlivých regiónov. Alternatívy možných foriem spolupráce viedenského a bratislavského regiónu. 
610 2 0 |a spolupráca cezhraničná 
610 2 0 |a výhody komparatívne 
610 2 0 |a regióny 
610 2 0 |a vzťahy hospodárske medzinárodné 
610 2 0 |a projekty medzinárodné 
610 2 0 |a situácia hospodárska 
610 2 0 |a Rakúsko 
610 2 0 |a Slovensko 
610 2 0 |a Maďarsko 
610 2 0 |a prostredie krajinné 
610 2 0 |a prostredie ekonomické 
100 1 |a Tvrdoň, Jozef